[Event "Kouty nad Desnou op-B"]
[Site "Kouty nad Desnou"]
[Date "2015.03.09"]
[Round "3"]
[White "Spacek, Jan"]
[Black "Jares, Ondrej"]
[Result "1-0"]
[WhiteElo "1786"]
[BlackElo "1418"]
[PlyCount "61"]
[EventDate "2015.03.07"]
[EventType "swiss"]
[EventRounds "9"]
[EventCountry "CZE"]
[SourceTitle "EXT 2017"]
[Source "ChessBase"]
[SourceDate "2016.10.25"]
[SourceVersion "1"]
[SourceVersionDate "2016.10.25"]
[SourceQuality "1"]

1. e4 c5 2. Nf3 d6 3. d4 cxd4 4. Nxd4 Nf6 5. Nc3 e6 6. Be2 a6 7. 0-0 Be7 8. b3 0-0 9. Bb2 b5 10. Bd3 Bb7 11. Qe1 Nbd7 12. Kh1 Rc8 13. f4 Qb6 14. Nf3 Nc5 15. e5 Nxd3 16. cxd3 Ng4 17. Ne4 Ne3 18. exd6 Bxd6 19. Nxd6 Nc2 20. Qg3 f6 21. Nxc8 Rxc8 22. Rac1 Qe3 23. Bxf6 g6 24. Qh3 Bd5 25. Qh6 Rc7 26. Rxc2 Qxd3 27. Rcf2 Qf5 28. Be5 Rd7 29. Rc1 Bb7 30. Rfc2 Rf7 31. Rc8+ 1-0

[Event "SVK-chT5 SE-SI 1314"]
[Site "Slovakia"]
[Date "2013.10.19"]
[Round "1.5"]
[White "Spacek, Jan"]
[Black "Pekar, Pavol"]
[Result "0-1"]
[WhiteElo "1104"]
[BlackElo "1177"]
[PlyCount "50"]
[EventDate "2013.10.19"]
[EventType "team-tourn"]
[EventRounds "11"]
[EventCountry "SVK"]
[SourceTitle "EXT 2022"]
[Source "ChessBase"]
[SourceDate "2021.10.06"]
[SourceVersion "1"]
[SourceVersionDate "2021.10.06"]
[SourceQuality "1"]
[WhiteTeam "Skalica V"]
[BlackTeam "Skalica IV"]
[WhiteTeamCountry "SVK"]
[BlackTeamCountry "SVK"]

1. e4 e5 2. Nf3 d6 3. Bc4 h6 4. d3 a6 5. Be3 Nf6 6. Nc3 b5 7. Bd5 c6 8. Bb3 Bb7 9. a3 a5 10. Qd2 a4 11. Ba2 Nbd7 12. d4 c5 13. dxc5 dxc5 14. Nxb5 Nxe4 15. Qd3 Nef6 16. 0-0-0 e4 17. Qd2 exf3 18. g3 Be7 19. Rhe1 0-0 20. Bf4 Ne4 21. Qe3 Qc8 22. Bd5 Ndf6 23. Bxb7 Qxb7 24. c4 Qc6 25. Nc3 Qb7 0-1

[Event "SVK-chT5 SE-SI 1213"]
[Site "Slovakia"]
[Date "2012.11.24"]
[Round "6.5"]
[White "Celustka, Lukas"]
[Black "Spacek, Jan"]
[Result "0-1"]
[WhiteElo "1222"]
[BlackElo "1786"]
[PlyCount "34"]
[EventDate "2012.10.06"]
[EventType "team-tourn"]
[EventRounds "14"]
[EventCountry "SVK"]
[SourceTitle "EXT 2022"]
[Source "ChessBase"]
[SourceDate "2021.10.06"]
[SourceVersion "1"]
[SourceVersionDate "2021.10.06"]
[SourceQuality "1"]
[WhiteTeam "Stefanov II"]
[BlackTeam "Skalica V"]
[WhiteTeamCountry "SVK"]
[BlackTeamCountry "SVK"]

1. e4 e5 2. Nf3 Nc6 3. d4 d5 4. Bc4 Bc5 5. 0-0 Nf6 6. dxc5 dxc4 7. Qxd8+ Nxd8 8. Bg5 Bg4 9. Nbd2 h6 10. Bxf6 gxf6 11. Nxe5 fxe5 12. Nf3 Bxf3 13. gxf3 Rg8+ 14. Kh1 Ne6 15. Rad1 Rd8 16. Rfe1 Rxd1 17. c3 Rxe1# 0-1

[Event "SVK-chT5 SE-SI 1213"]
[Site "Slovakia"]
[Date "2012.11.17"]
[Round "5.5"]
[White "Spacek, Jan"]
[Black "Kaufman, Robert"]
[Result "0-1"]
[WhiteElo "1786"]
[BlackElo "1041"]
[PlyCount "116"]
[EventDate "2012.10.06"]
[EventType "team-tourn"]
[EventRounds "14"]
[EventCountry "SVK"]
[SourceTitle "EXT 2022"]
[Source "ChessBase"]
[SourceDate "2021.10.06"]
[SourceVersion "1"]
[SourceVersionDate "2021.10.06"]
[SourceQuality "1"]
[WhiteTeam "Skalica V"]
[BlackTeam "Senica CVC III"]
[WhiteTeamCountry "SVK"]
[BlackTeamCountry "SVK"]

1. e4 e5 2. Nf3 Nc6 3. Bc4 Nf6 4. d3 Bc5 5. Ng5 0-0 6. Nc3 d6 7. 0-0 Bg4 8. Ne2 Nd4 9. Re1 c6 10. c3 Nxe2+ 11. Rxe2 Bxe2 12. Qxe2 d5 13. exd5 cxd5 14. Bb3 Re8 15. Bd2 Qd7 16. Rd1 Ng4 17. Be1 Rad8 18. c4 Bd4 19. cxd5 Rc8 20. d6 a5 21. Qf3 Rf8 22. Qe4 Nf6 23. Qh4 Qxd6 24. Ne4 Nxe4 25. dxe4 Rfd8 26. Bc3 Bxf2+ 27. Qxf2 Qg6 28. Bxe5 Rxd1+ 29. Bxd1 Qxe4 30. Bd6 Rd8 31. Qg3 Qd4+ 32. Qf2 Qxd1+ 33. Qf1 Rxd6 34. a3 Qxf1+ 35. Kxf1 b5 36. Ke2 a4 37. Ke3 f6 38. Ke2 Kf7 39. Ke3 g6 40. g3 h5 41. h3 g5 42. Ke4 Kg6 43. Ke3 f5 44. Ke2 f4 45. gxf4 gxf4 46. Kf3 Kg5 47. Kg2 Rd3 48. h4+ Kxh4 49. Kf2 f3 50. Ke1 Kg3 51. b3 axb3 52. a4 bxa4 53. Kf1 Rd2 54. Ke1 Rh2 55. Kd1 Rc2 56. Ke1 a3 57. Kd1 a2 58. Ke1 a1R# 0-1

[Event "SVK-chT5 SE-SI 1213"]
[Site "Slovakia"]
[Date "2012.10.13"]
[Round "2.4"]
[White "Petras, Michal"]
[Black "Spacek, Jan"]
[Result "1-0"]
[WhiteElo "1251"]
[BlackElo "1786"]
[PlyCount "153"]
[EventDate "2012.10.06"]
[EventType "team-tourn"]
[EventRounds "14"]
[EventCountry "SVK"]
[SourceTitle "EXT 2022"]
[Source "ChessBase"]
[SourceDate "2021.10.06"]
[SourceVersion "1"]
[SourceVersionDate "2021.10.06"]
[SourceQuality "1"]
[WhiteTeam "Sastin Straze"]
[BlackTeam "Skalica V"]
[WhiteTeamCountry "SVK"]
[BlackTeamCountry "SVK"]

1. e4 e5 2. Nf3 Nc6 3. Bc4 Bc5 4. c3 d6 5. 0-0 Bg4 6. d3 Qf6 7. h3 Bxf3 8. Qxf3 Qxf3 9. gxf3 Nf6 10. Bg5 0-0-0 11. Nd2 h6 12. Bh4 g5 13. Bg3 h5 14. Bxf7 Rdf8 15. Bc4 g4 16. fxg4 hxg4 17. hxg4 Nxg4 18. Be6+ Kd8 19. Bxg4 Rfg8 20. Kg2 Rxg4 21. Kf3 Rg6 22. Rh1 Rgh6 23. Rxh6 Rxh6 24. Ke2 Ne7 25. Rf1 Ng6 26. Nf3 Nf4+ 27. Bxf4 exf4 28. d4 Bb6 29. Ng5 Rg6 30. Nh3 Rf6 31. Kf3 c5 32. dxc5 Bxc5 33. Nxf4 a5 34. Kg4 b5 35. Kg5 Rf7 36. Ne6+ Ke7 37. Nxc5 dxc5 38. f4 Rg7+ 39. Kf5 Kf7 40. Ke5 Ke8 41. f5 Re7+ 42. Kd5 Rc7 43. c4 bxc4 44. Kxc4 a4 45. Kd5 Ke7 46. e5 Rd7+ 47. Kxc5 Rc7+ 48. Kd5 Rd7+ 49. Ke4 Ke8 50. e6 Rb7 51. Rf2 Ke7 52. f6+ Kxe6 53. f7 Rxf7 54. Rxf7 Kxf7 55. Kd4 a3 56. b3 Ke7 57. Kc4 Kd7 58. Kb4 Kc6 59. Kxa3 Kb5 60. b4 Kb6 61. Kb3 Kb5 62. a4+ Ka6 63. Kc4 Kb6 64. a5+ Ka6 65. Kc5 Kb7 66. b5 Ka7 67. Kc6 Kb8 68. a6 Ka8 69. b6 Kb8 70. b7 Ka7 71. Kc7 Kxa6 72. b8Q Ka5 73. Kc6 Ka4 74. Kc5 Ka3 75. Kc4 Ka2 76. Kc3 Ka1 77. Qb2# 1-0

[Event "Plzen op"]
[Site "Plzen"]
[Date "2012.08.23"]
[Round "7"]
[White "Spacek, Jan"]
[Black "Saez Coma, Alejandro"]
[Result "1-0"]
[WhiteElo "1762"]
[BlackElo "1906"]
[PlyCount "100"]
[EventDate "2012.08.18"]
[EventType "swiss"]
[EventRounds "9"]
[EventCountry "CZE"]
[SourceTitle "CBM 150 Extra"]
[Source "ChessBase"]
[SourceDate "2012.10.19"]
[SourceVersion "1"]
[SourceVersionDate "2012.10.19"]
[SourceQuality "1"]

1. e4 Nc6 2. d4 d5 3. e5 Bf5 4. Nf3 e6 5. c3 f6 6. Bf4 Qd7 7. Bb5 a6 8. Ba4 0-0-0 9. 0-0 g5 10. Bg3 g4 11. Nh4 Bxb1 12. Rxb1 f5 13. f3 gxf3 14. Nxf3 Be7 15. b4 b5 16. Bc2 Nh6 17. Bf4 Nf7 18. Bd3 h5 19. a4 Na7 20. Ra1 Kb7 21. axb5 axb5 22. Ra5 Ra8 23. Qe2 c6 24. Rfa1 Bd8 25. Ra6 Bb6 26. Qa2 Qd8 27. Nd2 Re8 28. Nb3 Re7 29. Nc5+ Kb8 30. Be2 h4 31. Bh5 Bxc5 32. bxc5 Rb7 33. Bc1 Qd7 34. Ba3 Ng5 35. Bb4 Ne4 36. Bf3 Ng5 37. Be2 Qg7 38. Bd3 Nh3+ 39. Kh1 Nf4 40. Bf1 Qd7 41. Qd2 Nh5 42. Qg5 Qe8 43. Qxh4 Rg7 44. Be2 Rh7 45. Ba5 Nc8 46. Bc7+ Kxc7 47. Rxa8 Qg6 48. R1a7+ Nxa7 49. Rxa7+ Kb8 50. Rxh7 f4 1-0

[Event "Plzen op"]
[Site "Plzen"]
[Date "2012.08.20"]
[Round "4"]
[White "Berka, Lubos"]
[Black "Spacek, Jan"]
[Result "1-0"]
[WhiteElo "1862"]
[BlackElo "1762"]
[PlyCount "93"]
[EventDate "2012.08.18"]
[EventType "swiss"]
[EventRounds "9"]
[EventCountry "CZE"]
[SourceTitle "CBM 150 Extra"]
[Source "ChessBase"]
[SourceDate "2012.10.19"]
[SourceVersion "1"]
[SourceVersionDate "2012.10.19"]
[SourceQuality "1"]

1. e4 e6 2. d4 d5 3. Nd2 dxe4 4. Nxe4 Nd7 5. Nf3 Ngf6 6. Nxf6+ Nxf6 7. Ne5 Bd6 8. Bg5 0-0 9. Qf3 c5 10. Ng4 Qa5+ 11. Bd2 Qd8 12. Nxf6+ Qxf6 13. Qxf6 gxf6 14. dxc5 Bxc5 15. Bc3 e5 16. Bd3 Bg4 17. Be4 Rab8 18. f3 Bh5 19. Ke2 Bg6 20. g4 Bxe4 21. fxe4 Rbc8 22. Rac1 Rfd8 23. Rhd1 Kf8 24. Rxd8+ Rxd8 25. Rd1 Rxd1 26. Kxd1 Kg7 27. Bd2 Bf2 28. Ke2 Bh4 29. Be3 a6 30. Bf2 Bg5 31. h4 Bf4 32. Be3 Bxe3 33. Kxe3 Kg6 34. h5+ Kg5 35. Kf3 f5 36. gxf5 Kxh5 37. a4 Kg5 38. b4 h5 39. c4 Kh4 40. b5 axb5 41. cxb5 Kh3 42. a5 h4 43. a6 Kh2 44. a7 h3 45. a8Q Kg1 46. Qa2 f6 47. Kg3 1-0

[Event "Plzen op"]
[Site "Plzen"]
[Date "2012.08.20"]
[Round "3"]
[White "Spacek, Jan"]
[Black "Pokorny, Jiri"]
[Result "1/2-1/2"]
[WhiteElo "1762"]
[BlackElo "1939"]
[PlyCount "49"]
[EventDate "2012.08.18"]
[EventType "swiss"]
[EventRounds "9"]
[EventCountry "CZE"]
[SourceTitle "CBM 150 Extra"]
[Source "ChessBase"]
[SourceDate "2012.10.19"]
[SourceVersion "1"]
[SourceVersionDate "2012.10.19"]
[SourceQuality "1"]

1. e4 c5 2. Nf3 d6 3. d4 cxd4 4. Nxd4 Nf6 5. Nc3 a6 6. Bd3 e5 7. Nf3 Be7 8. 0-0 b5 9. Ne2 Bb7 10. Ng3 0-0 11. Bg5 Nbd7 12. c3 Nc5 13. Bxf6 Bxf6 14. Bc2 d5 15. exd5 Qxd5 16. Nh5 Qc6 17. Nxf6+ Qxf6 18. Ne1 Qg5 19. Qc1 Qxc1 20. Rxc1 Rad8 21. b4 Ne4 22. Bxe4 Bxe4 23. f3 Bb7 24. c4 bxc4 25. Rxc4 1/2-1/2

[Event "CZE-chT U20 final-B 0910"]
[Site "Pavla Vlachovice"]
[Date "2010.04.24"]
[Round "10.1"]
[White "Seidl, Antonin"]
[Black "Spacek, Jan"]
[Result "1-0"]
[WhiteElo "2012"]
[BlackElo "1781"]
[PlyCount "77"]
[EventDate "2010.04.23"]
[EventType "team-tourn"]
[EventRounds "11"]
[EventCountry "CZE"]
[SourceTitle "EXT 2011"]
[Source "ChessBase"]
[SourceDate "2010.11.26"]
[SourceVersion "1"]
[SourceVersionDate "2010.11.26"]
[SourceQuality "1"]
[WhiteTeam "Bedrichov (U20)"]
[BlackTeam "Plzen (U20)"]
[WhiteTeamCountry "CZE"]
[BlackTeamCountry "CZE"]

1. e4 e6 2. d3 d5 3. Nd2 c5 4. g3 Bd7 5. Bg2 Bc6 6. Ngf3 Nd7 7. 0-0 Bd6 8. Re1 Ne7 9. c3 0-0 10. e5 Bc7 11. d4 Ng6 12. h4 Bb5 13. Nf1 Bb6 14. N1h2 cxd4 15. cxd4 Ne7 16. Ng4 Nf5 17. Bg5 Qe8 18. Qd2 Rc8 19. a4 Bc4 20. Bh3 Ne7 21. Nf6+ Nxf6 22. exf6 Ng6 23. fxg7 Kxg7 24. h5 Rh8 25. Bh6+ Kg8 26. hxg6 hxg6 27. Kg2 Bd8 28. Ne5 f5 29. Rac1 Bf6 30. Bf4 Kg7 31. Nxc4 Rxh3 32. Kxh3 Qh8+ 33. Kg2 Rxc4 34. Rxc4 dxc4 35. Rxe6 Qc8 36. d5 Kf7 37. Bg5 Bd8 38. Bxd8 Qxd8 39. Qd4 1-0

[Event "CZE-chTW U20 0910"]
[Site "Czech Republic"]
[Date "2009.10.04"]
[Round "3.1"]
[White "Klecker, Tadeas"]
[Black "Spacek, Jan"]
[Result "1-0"]
[WhiteElo "2147"]
[BlackElo "1781"]
[PlyCount "117"]
[EventDate "2009.10.03"]
[EventType "team-tourn"]
[EventRounds "7"]
[EventCountry "CZE"]
[SourceTitle "EXT 2011"]
[Source "ChessBase"]
[SourceDate "2010.11.26"]
[SourceVersion "1"]
[SourceVersionDate "2010.11.26"]
[SourceQuality "1"]
[WhiteTeam "Praha Oaza (U20)"]
[BlackTeam "Plzen (U20)"]
[WhiteTeamCountry "CZE"]
[BlackTeamCountry "CZE"]

1. d4 Nf6 2. Nf3 g6 3. c4 Bg7 4. g3 d6 5. Bg2 0-0 6. 0-0 c6 7. Nc3 Bg4 8. h3 Bd7 9. e4 Qc8 10. Kh2 Na6 11. Be3 c5 12. Qe2 cxd4 13. Nxd4 Nc7 14. f4 Ne6 15. Nxe6 Bxe6 16. Nd5 Nxd5 17. cxd5 Bd7 18. Rac1 Qd8 19. Qd2 a6 20. Rc2 Rc8 21. Rfc1 Rxc2 22. Qxc2 b5 23. b3 Re8 24. Qc7 Qxc7 25. Rxc7 Bc8 26. a4 bxa4 27. bxa4 e6 28. dxe6 fxe6 29. Bf1 d5 30. e5 Bf8 31. Bc5 Bxc5 32. Rxc5 Rd8 33. Rc6 a5 34. Rc5 d4 35. Bd3 Bd7 36. Rxa5 Rb8 37. Bb5 Bxb5 38. axb5 d3 39. Ra3 Rxb5 40. Rxd3 Rb2+ 41. Kg1 Rb7 42. g4 Re7 43. Kf2 Kf7 44. Ke3 Ra7 45. Ke4 Re7 46. f5 exf5+ 47. gxf5 gxf5+ 48. Kxf5 h5 49. Rg3 Kf8 50. Rg5 Rf7+ 51. Kg6 Ke7 52. Rf5 Rxf5 53. Kxf5 h4 54. Kg4 Ke6 55. Kxh4 Kxe5 56. Kg5 Ke6 57. Kg6 Ke7 58. Kg7 Ke6 59. h4 1-0

[Event "CZE-ch U16"]
[Site "Sec u Chrudimi"]
[Date "2008.10.27"]
[Round "3"]
[White "Spacek, Jan"]
[Black "Marek, Michal"]
[Result "1/2-1/2"]
[WhiteElo "1566"]
[BlackElo "1688"]
[PlyCount "91"]
[EventDate "2008.10.25"]
[EventType "swiss"]
[EventRounds "9"]
[EventCountry "CZE"]
[SourceTitle "EXT 2022"]
[Source "ChessBase"]
[SourceDate "2021.10.06"]
[SourceVersion "1"]
[SourceVersionDate "2021.10.06"]
[SourceQuality "1"]

1. d4 Nf6 2. c4 g6 3. Bg5 Bg7 4. Nf3 d5 5. e3 0-0 6. Nc3 c6 7. Bd3 Re8 8. 0-0 Bg4 9. h3 Bxf3 10. Qxf3 dxc4 11. Bxc4 Nbd7 12. Rfd1 h6 13. Bh4 Qb6 14. Rab1 Rac8 15. Ne4 c5 16. Bxf6 Bxf6 17. dxc5 Nxc5 18. Nxc5 Rxc5 19. Bb3 Rec8 20. Qg4 Kg7 21. h4 h5 22. Qe4 Re5 23. Qf4 Rf5 24. Qe4 Rb5 25. g3 a5 26. Rd2 Rb4 27. Qd5 e6 28. Qd6 Qxd6 29. Rxd6 a4 30. Bd1 Bxb2 31. Bxa4 Rxa4 32. Rxb2 b5 33. Rb6 Rca8 34. R6xb5 Rxa2 35. Rxa2 Rxa2 36. Kg2 f5 37. Kf3 Kf6 38. Rb4 Ra3 39. Rc4 Ra2 40. Rb4 g5 41. hxg5+ Kxg5 42. Rh4 e5 43. Rb4 e4+ 44. Kg2 Ra6 45. Rb8 Rg6 46. Rh8 1/2-1/2

[Event "CZE-ch U16"]
[Site "Sec u Chrudimi"]
[Date "2008.10.25"]
[Round "1"]
[White "Spacek, Jan"]
[Black "Jancarik, Joel"]
[Result "0-1"]
[WhiteElo "1566"]
[BlackElo "2045"]
[PlyCount "116"]
[EventDate "2008.10.25"]
[EventType "swiss"]
[EventRounds "9"]
[EventCountry "CZE"]
[SourceTitle "EXT 2022"]
[Source "ChessBase"]
[SourceDate "2021.10.06"]
[SourceVersion "1"]
[SourceVersionDate "2021.10.06"]
[SourceQuality "1"]

1. e4 e5 2. Nc3 Bc5 3. Nf3 d6 4. h3 Nc6 5. Na4 Bb6 6. Nxb6 axb6 7. d4 exd4 8. Nxd4 Qe7 9. Nxc6 Qxe4+ 10. Qe2 Qxe2+ 11. Bxe2 bxc6 12. 0-0 Be6 13. a3 Nf6 14. Bf3 Kd7 15. Bf4 Rhe8 16. Rfd1 h6 17. Rd2 b5 18. Rad1 d5 19. Be3 g5 20. Bd4 Ng8 21. g4 Ne7 22. Kg2 f5 23. Kg3 Ng6 24. Bc5 Nh4 25. Be2 Ng6 26. c4 bxc4 27. Bxc4 fxg4 28. hxg4 Ra4 29. Be2 Nf4 30. Bf1 h5 31. f3 Rb8 32. Bb4 h4+ 33. Kh2 Raxb4 34. axb4 Rxb4 35. Bg2 Kd6 36. Re1 c5 37. Bf1 Rb3 38. Rf2 d4 39. Rd1 Bd5 40. Bg2 d3 41. Rdd2 Ke5 42. Bf1 Kd4 43. Be2 Ke3 44. Bd1 Rb4 45. b3 Bxb3 46. Bxb3 Rxb3 47. Ra2 Ne2 48. Rf1 d2 49. Ra8 c4 50. Rc8 Nc3 51. Re8+ Kd4 52. Rd8+ Nd5 53. Rd1 c3 54. Re8 Kd3 55. Rd8 Kc2 56. Ra1 c6 57. Rc8 Rb1 58. Ra2+ Kd3 0-1